Evaluación de textos escolares desde la perspectiva constructivista

Պահպանված է:
Մատենագիտական մանրամասներ
Հիմնական հեղինակ: Stevenson, Alejandra (Հեղինակ)
Ձևաչափ: Գիրք
Լեզու:իսպաներեն
Հրապարակվել է: Lima Fondo Editorial de la Pontificia Universidad Católica del Perú 2004
Հրատարակություն:1a. ed
Շարք:Cuadernos de Educación, 3
Խորագրեր:
Ցուցիչներ: Ավելացրեք ցուցիչ
Չկան պիտակներ, Եղեք առաջինը, ով նշում է այս գրառումը!

MARC

LEADER 00000nam a2200000 a 4500
001 UCG2137
003 CL-VaPUC
008 100617e20040400PE |||||||||||||||||spa|d
020 |a 9972426300 
082 0 4 |a 371.3  |b STE  |2 21 
100 0 |a Stevenson, Alejandra  |e author  |9 550473 
245 1 0 |a Evaluación de textos escolares desde la perspectiva constructivista 
250 |a 1a. ed 
300 |a 73 p 
942 |c BK 
945 |d 20100617 00:00:00  |a dcastane 
260 |a Lima  |b Fondo Editorial de la Pontificia Universidad Católica del Perú  |c 2004 
650 0 |a Educación  |9 258661 
650 0 |a Métodos de enseñanza  |9 270413 
650 0 |a Métodos de evaluación  |9 311717 
650 0 |a Textos escolares  |9 382843 
583 |a last modification  |c 20100617 00:00:00  |k Rodrigo Vera 
490 0 |a Cuadernos de Educación, 3 
999 |c 341372  |d 341370 
952 |0 0  |1 0  |4 0  |6 371_300000000000000_STE_2004  |7 0  |8 A  |9 436784  |a FDOPOS  |b FDOPOS  |d 2019-11-22  |i 4686616  |o 371.3 STE 2004  |p 4686616  |r 2025-01-22  |w 2019-11-22  |y BK  |k DLA